LEADER 01019nam0-22003131i-450- 001 990008504760403321 005 20071206100818.0 035 $a000850476 035 $aFED01000850476 035 $a(Aleph)000850476FED01 035 $a000850476 100 $a20070420g19801981km-y0itay50------ba 101 0 $aita 102 $aIT 105 $aa-------001yy 200 1 $aStoria dell'arte italiana$eparte III. Situazioni momenti indagini$e[vol.II.:]Grafica e immagine$eI. Scrittura Miniatura Disegno$eII.illustrazione fotografica$f[a cura di Federico Zeri] 210 $aTorino$cEinaudi$dc1980-1981 215 $a2 tomi$cill.$d22 cm 225 1 $aStoria dell'arte italiana$fcoordinamento editoriale di Paolo Fossati$v9 610 0 $aARTE$aItalia$aStoria 676 $a745.0945 801 0$aIT$bUNINA$gRICA$2UNIMARC 901 $aBK 912 $a990008504760403321 952 $a08 MM 14$b6845$fDINED 952 $a08 MM 13$fDINED 959 $aDINED 996 $aStoria dell'arte italiana$9303799 997 $aUNINA